Statistiken für Verpixelte Karte von Amerika

Klicken Sie hier um das Quiz zu spielen!

Allgemein

  • Dieses Quiz wurde 9.066 mal gespielt
  • Das Durchschnittsergebnis liegt bei 152 aus 156

Antworten auf der Karte

Die Antworten werden auf der Karte rot bzw. grün angezeigt, abhängig davon wie oft sie richtig erraten wurden.
 

Antwortstatistiken

Land% Korrekt
Vereinigte Staaten
100%
Kanada
99%
Brasilien
98%
Mexiko
98%
Argentinien
97%
Chile
94%
Peru
91%
Kolumbien
90%
Uruguay
89%
Venezuela
88%
Bolivien
87%
Paraguay
85%
Suriname
73%
Honduras
70%

Verteilung der Resultate

Perzentil nach korrekt beantworteten Fragen

Anzahl Personen mit jedem Resultat

Ihre Resultats-Entwicklung

Sie haben dieses Quiz noch nicht gespielt